Regulation and entry into telecommunications markets (Registro nro. 89566)

Detalles MARC
000 -ENCABEZADO
Número de control [NR] 00880nam a22002417a 4500
008 - DE LONGITUD FIJA DE DATOS DE ELEMENTOS - INFORMACIÓN GENERAL
Elementos de longitud fija [NR] 130821s2002 enka gr eng
020 ## - NUMERO INTERNACIONAL NORMALIZADO PARA LIBROS [R]
Número Internacional Normalizado del libro [NR] 0521808375
040 ## - FUENTE DE CATALOGACION [NR]
Agencia de catalogación original [NR] Co-BoUCM
Idioma de catalogación [NR] spa
041 00 - CODIGO DE IDIOMA [R]
Código de idioma para texto/pista de sonido o título separado [R] Inglés
100 1# - ASIENTO PRINCIPAL--NOMBRE PERSONAL [NR]
Nombre personal [NR] Bijl, Paul De
Fechas asociadas con el nombre [NR] 1967-
245 10 - MENCION DE TITULO [NR]
Título [NR] Regulation and entry into telecommunications markets
Mención de responsabilidad, etc. [NR] Paul de Bijl, Martin Peitz
260 ## - PUBLICACION, DISTRIBUCION, ETC. (PIE DE IMPRENTA) [R]
Lugar de publicación, distribución, etc. [R] Cambridge (Inglaterra)
Nombre del editor, distribuidor, etc. [R] Cambridge University Press
Fecha de publicación, distribución, etc. [R] 2002
300 ## - DESCRIPCION FISICA [R]
Extensión [R] xiv, 272 páginas
Otros detalles físicos [NR] ilustraciones
504 ## - NOTA DE BIBLIOGRAFIA, ETC. [R]
Nota de bibliografía, etc. [NR]
650 04 - ASIENTO SECUNDARIO DE MATERIA - TERMINO TEMATICO [R]
Término temático o nombre geográfico como elemento de entrada [NR] Comercio
9 (RLIN) 11192
650 04 - ASIENTO SECUNDARIO DE MATERIA - TERMINO TEMATICO [R]
Término temático o nombre geográfico como elemento de entrada [NR] Competencia económica
9 (RLIN) 11259
650 04 - ASIENTO SECUNDARIO DE MATERIA - TERMINO TEMATICO [R]
Término temático o nombre geográfico como elemento de entrada [NR] Política de telecomunicaciones
9 (RLIN) 21964
700 1# - ASIENTO SECUNDARIO - NOMBRE PERSONAL [R]
Nombre personal [NR] Peitz, Martin.
856 41 - LOCALIZACION Y ACCESO ELECTRONICOS [R]
Especificación de los materiales [NR] Tabla de contenido
Identificador Uniforme del Recurso (“URI”) [R] <a href="http://www.loc.gov/catdir/toc/cam021/2002025678.html">http://www.loc.gov/catdir/toc/cam021/2002025678.html</a>
942 ## - ELEMENTOS DE ENTRADA AGREGADOS (KOHA)
Tema principal Economía
Edición 1
Prefijo de la signatura top. (colección) Colección - Referencia
Parte restante de la signatura top. B594r
Tipo de ítem principal el descrito en 300a Libro de referencia
Sistema de clasificación DEWEY
Clasificación 384
Existencias
Fecha de último préstamo Total préstamos Signatura topográfica Código de barras Última vez visto Ejemplar Price effective from Tipo de ítem Perdido Sistema de clasificación Dañado No prestable Tipo de ítem específico Suprimido Ubicación habitual Ubicación actual Localización Fecha de creación Forma de adquisición Costo Total Renewals
20/09/2004 2 R 384 B594r 100068355 05/12/2025 Ej.1 03/02/2013 Libro   DEWEY     Libro   Claustro Claustro Mezanine 28/02/2004 Compra 234000.00  
22/08/2015 5 384 B594r 100068332 05/12/2025 Ej.2 03/02/2013 Libro   DEWEY     Libro   Claustro Claustro Mezanine 28/02/2004 Compra 234000.00 5